000
00288nam a2200109 a 4500
005
20201002044922.0
008
140403s1971 000 spa d
100
_a
Daudet, Alfonso
_9
71508
245
0
_a
Tartarin de tarascon.
260
_a
Madrid -- Libra,
_c
1971 -- 191 p.
999
_c
43174
_d
43174
040
_a
DO-SdBNP